000 01279nam0a2200361 4500
001 RU\NLR\bibl\410223
005 20260405165600.0
010 _a5-9524-0198-8
_96000
021 _aRU
_b2003-21474
_9998
035 _a(NLR Aleph) 000404295
090 _a594843
_c594843
100 _a20030606d2003 |||y0rusy50 ca
101 1 _arus
_ceng
102 _aRU
105 _aa |||||||||
200 1 _aКрасная земля, Черная земля
_eДрев. Египет: легенды и факты
_e[Пер. с англ.]
_fБарбара Мертц
210 _aМ.
_cЦентрполиграф
_d2003
215 _a455,[2] с., [8] л. ил.
_cил., карта
_d21
607 _aЕгипет Древний
_xИстория
_91019734
_3RU\NLR\auth\66389492
610 0 _aЕгипет Древний - История
675 _a94(32)
_v3
_zrus
686 _a03.09
_2rugasnti
686 _a63.3(0)32
_2rubbk
686 _aТ3(0)310,02
686 _aШ6(7США)67-46{Лх1979-100}
700 1 _4070
_8rus
_7ca
_aМертц
_bБ.
_f1927-2013
_gБарбара
_3RU\NLR\auth\7771479
_954407
801 0 _aRU
_bRKP
_c20030606
_gPSBO
801 1 _aRU
_bRKP
_c20030606
801 2 _aRU
_bNLR
_c20090319
_grcr
942 _cBOOK
980 _aNB